Normal view MARC view

Entry Nombre personal

Number of records used in: 3

001 - NÚMERO DE CONTROL

  • campo de control: 140603

003 - IDENTIFICADOR DE NÚMERO DE CONTROL

  • campo de control: SpMaBN

005 - FECHA Y HORA DE LA ÚLTIMA TRANSACCIÓN

  • campo de control: 20240124172233.0

008 - ELEMENTOS DE DATO DE LONGITUD-FIJA

  • campo de control de longitud fija: 900716nn aijnnaabn a aaa

016 ## - NÚMERO DE CONTROL DE UNA AGENCIA BIBLIOGRÁFICA NACIONAL

  • Número de control del registro: BNE19911515686

024 7# - IDENTIFICADOR DE OTROS ESTÁNDARES

  • Número estándar o código: http://viaf.org/viaf/59128274/
  • Fuente: viaf

024 7# - IDENTIFICADOR DE OTROS ESTÁNDARES

  • Número estándar o código: https://isni.org/isni/0000000066370339
  • Fuente: isni

040 ## - FUENTE DE CATALOGACIÓN

  • Centro catalogador/agencia de origen: SpMaBN
  • Lengua de catalogación: spa
  • Centro/agencia transcriptor: SpMaBN
  • Normas de descripción: rdc
  • Convención/Normas de encabezamiento de materia/tesauro: embne

100 1# - ENCABEZAMIENTO-NOMBRE DE PERSONA

  • Nombre de persona: Sougez, Marie-Loup,
  • Fechas asociadas al nombre: 1930-2019

375 ## - GÉNERO/SEXO

  • Género: Femenino

377 ## - IDIOMA ASOCIADO

  • Código del idioma: spa
  • Término de lengua/lenguaje: Español

400 1# - TRAZADO DE VÉASE--NOMBRE DE PERSONA

  • Nombre de persona: Sougez, Marie Loup,
  • Fechas asociadas al nombre: 1930-2019

670 ## - FUENTE DE DATOS ENCONTRADOS

  • Cita de la fuente: Albert-Louis Deschamps, 2003
  • Información encontrada: port. (Marie-Loup Sougez)

670 ## - FUENTE DE DATOS ENCONTRADOS

  • Cita de la fuente: WWW BN-OPALE Plus, 20-10-2008
  • Información encontrada: (Sougez, Marie-Loup; 1930-)

670 ## - FUENTE DE DATOS ENCONTRADOS

  • Cita de la fuente: WWW Xataka foto, 20-3-2019
  • Información encontrada: (Marie Loup Sougaez, ha muerto el 16 de marzo de 2019)
  • Identificador Uniforme de Recursos: https://www.xatakafoto.com/actualidad/ha-muerto-marie-loup-sou gez-autora-mejores-historia-fotografia